1576 1431 1793 1659 1306 1045 1377 1142 1176 1375 1675 1048 1567 1571 1457 1302 1749 1508 1700 1408 1296 1614 1617 1125 1273 1874 1271 1873 1029 1747 1292 1520 1783 1583 1194 1489 1444 1164 1860 1855 1789 1080 1651 1899 1396 1166 1695 1729 1715 1961 1302 1400 1553 1808 1853 1545 1390 1702 1578 1721 1245 1662 1573 1417 1703 1196 1827 1752 1160 1792 1220 1655 1963 1652 1957 1514 1259 1141 1568 1120 1937 1275 1914 1142 1586 1086 1270 1417 1097 1773 1441 1255 1464 1534 1957 1302 1971 1655 1604 BCNSPRNW ULIB Ver.6.0+V

เปลี่ยนเป็นภาษาไทย

Change to English
 แสดงรายละเอียดบรรณานุกรม
  กลับหน้าหลัก

Brief Record : Get Marc (ISO 2709) : E-mail record : QR code < ปิดหน้าต่าง
LEADER : 00000nam 2200000uu 4500
001    13399114032
003     ULIB
008    120124s||||||||th 000 0 tha d
020    ^a97897499628
090    ^aนว.^bป12ฝ
100 0  ^aPark...
245 00 ฝากรักไว้ที่ปลายฟ้า 2 = Starirway to heaven/^cPark...
260    ^aกรุงเทพฯ :^bแจ่มใส,^c2547
300    ^a263 หน้า
710 1  ^aแจ่มใส
945    ^p0^l0^i018801
995    ^aเกษร
999    ^aใช้งานได้ทุกระบบ
รายการนี้ยังไม่มีแท็ก
คุณยังไม่ได้ล็อกอิน คุณสามารถมีกิจกรรมร่วมกับเว็บไซต์ได้ แต่ต้องล็อกอินก่อน ::
  ล็อกอิน

รายการสื่อสารสนเทศ

ลำดับที่ ประเภท เลขเรียก/บาร์โค้ด สถานที่ สถานะ
1. นวนิยาย
นวนิยาย
นว. ป12ฝ ฉ.1 
  Barcode: 018801
ห้องสมุดวิทยาเขตสวรรค์ประชารักษ์
►นวนิยาย
บนชั้น
  ขอยืม

BibComment


ยังไม่เคยถูกคอมเมนท์

คอมเมนท์ทรัพยากรรายการนี้
  คอมเมนท์: ฝากรักไว้ที่ปลายฟ..


 Copyright 2026. Bcnsprnw @Library